000 00994nam a2200253 a 4500
001 594
003 BR-CuiBMT
005 20231110003604.0
008 231110s2005 spb 001 0 por d
020 _a8522441049
040 _aBR-CuiBMT
_cBR-CuiBMT
080 _22007
_a34:336.22
090 _a34:336.22
_bI16d
_c14. ed.
100 1 _aIchihara, Yoshiaki
245 1 0 _aDireito tributário /
_cYoshiaki Ichihara
250 _a14. ed.
260 _aSão Paulo :
_bAtlas,
_c2005.
300 _a325 p. ;
_c24 cm
500 _a"Atualizado de acordo com as Emendas Constitucionais n. 3, de 17-3-93, 10, de 4-3-96, 12, de 15-8-96, 17, de 22-11-97, 21, de 18-3-99, 29, de 13-9-00, 31, de 18-12-00, 32 de 11-9-01 e 33, de 11-12-01, 37, de 12-6-02, 39, de 19-12-02, 40, de 29-5-03, 41 e 42, de 31-12-03, 44, de 30-6-04, 45, de 8-12-04"
504 _aInclui bibliografia e índice.
650 _aDireito tributário
_zBrasil
650 _aDireito tributário
_vLegislação
_zBrasil
942 _2udc
_cLV
999 _c594
_d594